000 01054nam a2200397Ia 4500
001 21527
005 20240114000603.0
007 ta
008 060306s2006 a g b000 u 465 u
020 _a81-224-1834-1
_cRs. 175.00
040 _aCotton College,Assam
041 _a465
082 _a518
_bRa 18 Nu
100 _aRao, G. Shanker .
245 0 _aNumerical Analysis /
_cG. Shanker Rao.
_hTextual Documents
250 _a3rd rev ed. /
260 _aNew Delhi :
_bNew Age International ( P ) Limited ,
_c2006.
300 _axiv, 322p. :
_bill ;
_c23cm .
365 _aRs. 175.00
504 _aIndex
653 _aMathematics-Numerical Analysis
653 _aNumerical Analysis
653 _aG-Mathematics
653 _aDeptt.-Mathematics
653 _aPG-Mathematics
942 _2ddc
_cBK
999 _c21509
_d21509